000 00857nam a2200205 i 4500
001 102684
003 ES-MaACL
005 20230906183146.0
007 t|
008 051125s1886 sp ||||1| spa d
080 _a389.15(460)"18"
245 0 0 _aEquivalencias entre las pesas y medidas usadas antiguamente en las diversas provincias de España y las legales del sistema métrico-decimal
_b: publicadas de Real Orden.
260 _aMadrid :
_b[s.n.],
_c1886 (
_fImpr. de la Dirección General del Instituto Geográfico y Estadístico)
300 _a57 p. ;
_c20 cm.
500 _aPrecede al tit.: Dirección General del Instituto Geográfico y Estadístico.
650 1 4 _aPesos y medidas-
_zEspaña-
_yS.XIX.
_915986
710 2 _aInstituto Geográfico y Estadístico (España)
_93892
852 _aES-MaACL
_jT-473-F-5
852 _aES-MaACL
_jT-471-F-1
999 _c102684
_d102684